BIBLIOTECA PODER JUDICIAL
Portal Judicial TDF

Fideicomiso inmobiliario destinado a consumidores. Configuración, calificación de la relación de consumo y obligaciones del fiduciario proveedor / (Registro nro. 5338)

000 -LEADER
fixed length control field 01671nab a22003017a 4500
003 - CONTROL NUMBER IDENTIFIER
control field OSt
005 - DATE AND TIME OF LATEST TRANSACTION
control field 20250223221709.0
008 - FIXED-LENGTH DATA ELEMENTS--GENERAL INFORMATION
fixed length control field 190603e xxum|||| |||| 00| 0 spa d
040 ## - CATALOGING SOURCE
Transcribing agency PJ
100 ## - MAIN ENTRY--PERSONAL NAME
9 (RLIN) 5595
Personal name Aicega, María Valentina
245 10 - TITLE STATEMENT
Title Fideicomiso inmobiliario destinado a consumidores. Configuración, calificación de la relación de consumo y obligaciones del fiduciario proveedor /
Statement of responsibility, etc María Valentina Aicega.
260 ## - PUBLICATION, DISTRIBUTION, ETC. (IMPRINT)
Date of publication, distribution, etc Ciudad Autónoma de Buenos Aires :
Place of publication, distribution, etc Thomson Reuters La Ley,
Name of publisher, distributor, etc 2023.
300 ## - PHYSICAL DESCRIPTION
Extent p. 63-76
500 ## - GENERAL NOTE
General note Cita Online: TR LALEY AR/DOC/2719/2023.
505 ## - FORMATTED CONTENTS NOTE
Formatted contents note Sumario: I. A modo de introducción.— II. Configuraciones usuales en los fideicomisos inmobiliarios destinados a consumidores.— III. El contrato de fideicomiso y las relaciones de consumo.— IV. El fiduciario como proveedor.— V. Consumidor en las relaciones que se establecen en los fideicomisos.— VI. Implicancias de la relación de consumo.— VII. Quid de la hipervulnerabilidad del consumidor.
505 ## - FORMATTED CONTENTS NOTE
Title ¿Te interesa el texto completo? Solicitalo al correo: koha@justierradelfuego.gov.ar
650 #0 - SUBJECT ADDED ENTRY--TOPICAL TERM
9 (RLIN) 1590
Topical term or geographic name as entry element FIDEICOMISO
650 #0 - SUBJECT ADDED ENTRY--TOPICAL TERM
9 (RLIN) 2597
Topical term or geographic name as entry element DEFENSA DEL CONSUMIDOR
650 #0 - SUBJECT ADDED ENTRY--TOPICAL TERM
9 (RLIN) 3433
Topical term or geographic name as entry element CESIÓN DE DERECHOS
650 #0 - SUBJECT ADDED ENTRY--TOPICAL TERM
9 (RLIN) 4552
Topical term or geographic name as entry element RELACION DE CONSUMO
650 #0 - SUBJECT ADDED ENTRY--TOPICAL TERM
9 (RLIN) 652
Topical term or geographic name as entry element PUBLICIDAD COMERCIAL
650 #0 - SUBJECT ADDED ENTRY--TOPICAL TERM
9 (RLIN) 3934
Topical term or geographic name as entry element RENDICIÓN DE CUENTAS
650 #0 - SUBJECT ADDED ENTRY--TOPICAL TERM
9 (RLIN) 6382
Topical term or geographic name as entry element OBLIGACIONES DEL FIDUCIARIO
650 #0 - SUBJECT ADDED ENTRY--TOPICAL TERM
9 (RLIN) 3951
Topical term or geographic name as entry element DEBER DE INFORMACIÓN
650 #0 - SUBJECT ADDED ENTRY--TOPICAL TERM
9 (RLIN) 4695
Topical term or geographic name as entry element SITUACIÓN DE VULNERABILIDAD
773 0# - HOST ITEM ENTRY
Host Biblionumber 2713
Host Itemnumber 3170
Place, publisher, and date of publication Ciudad Autónoma de Buenos Aires : Thomson Reuters La Ley, 2015-
Title Revista Código Civil y Comercial. Nº 6 - Diciembre 2023
942 ## - ADDED ENTRY ELEMENTS (KOHA)
Source of classification or shelving scheme
Koha item type Analítica Artículo de Revista

No hay ítems disponibles.

12 de Octubre 789 Ushuaia - Tel:  54(02901)441571
Horario de Atención: 8.00 a 17.00 hs. 
bibliotecaush@justierradelfuego.gov.ar
koha@justierradelfuego.gov.ar
Seguinos en nuestras redes @bibliojustdf 

Con tecnología Koha